| 000 | 00919nam0a2200313 4500 | ||
|---|---|---|---|
| 001 | RU\NLR\BIBL_A\022763582 | ||
| 005 | 20260524044643.0 | ||
| 010 | _a978-5-0068-8784-8 | ||
| 021 |
_aRU _bКН-П-26-004343 _9КН-П-26-0411 |
||
| 035 | _a(NLR Aleph) 022763582 | ||
| 090 |
_a13711181 _c13711181 |
||
| 100 | _a20260323d2025 m y0rusy50 ca | ||
| 101 | 0 | _arus | |
| 102 | _aRU | ||
| 105 | _ay z 000ay | ||
| 181 | 0 |
_ai _baxxe |
|
| 182 | 0 | _an | |
| 200 | 1 |
_aИндия, брат! _fСергей Каргин |
|
| 203 |
_aТекст _bвизуальный _cнепосредственный |
||
| 210 |
_a[Б. м.] _cИздательские решения _d2025 |
||
| 215 |
_a318, [1] с. _d21 |
||
| 333 | _a18+ | ||
| 686 | 2 | _aШ6(2=Р)8-464.3 | |
| 700 | 1 |
_aКаргин _bС. _gСергей |
|
| 942 | _cBOOK | ||
| 980 | _aNB | ||